| 000 | 00401nam a2200193Ia 4500 | ||
|---|---|---|---|
| 001 | 14363 | ||
| 003 | GE_BSU | ||
| 008 | 181216s||||||||xx |||||||||||||| ||und|| | ||
| 040 | _cGE_BSU | ||
| 080 | _a821.111-311.6 | ||
| 100 | _aCrossland,Peter "yorky | ||
| 245 | _aVictor Two | ||
| 260 | _aLondon | ||
| 260 | _bBCA | ||
| 260 | _c1996 | ||
| 300 | _a179p.21cm. | ||
| 653 | _aVictor Two | ||
| 942 | _cBK | ||
| 999 |
_c47499 _d47499 |
||